[Event "Aerosvit 2007"]
[Site "Foros RUS"]
[Date "2007.06.27"]
[Round "9"]
[White "GM Eljanov, Pavel(UKR)"]
[Black "GM Rublevsky, Sergei(RUS)"]
[Result "1/2-1/2"]
[WhiteElo "2686"]
[BlackElo "2680"]
[Annotator "Ëåáåäåâ Âàñèëèé"]
[PlyCount "87"]
[EventDate "2007.06.27"]

1. d4 d5 2. c4 c6 {Ñåðãåé îêîí÷àòåëüíî «îñëàâÿíèëñÿ»} ({
À âåäü «áûëî âðåìÿ»... È ñîâñåì íåäàâíî...} 2... dxc4 3. e4 e5 4. Nf3 exd4 5.
Bxc4 Bb4+ 6. Nbd2 Nc6 7. O-O Nf6 8. e5 Nd5 9. Nb3 Nb6 10. Bb5 Qd5 11. Nbxd4 O-O
12. Bxc6 bxc6 13. Qc2 c5 14. Nf5 Qe6 15. Ng3 Qg6 16. Qxg6 hxg6 17. a3 Ba5 18.
Bd2 Bxd2 19. Nxd2 c4 20. Rac1 Be6 21. f4 Rfd8 22. Rf2 Rd4 23. Nb1 Na4 24. Nc3
Nc5 25. Rcc2 Nd3 26. Nge2 Rdd8 27. Rf1 Rab8 28. Rd1 Bf5 29. Rcd2 Re8 30. b4 g5
31. fxg5 Rbd8 32. Ng3 Bg4 33. Rf1 Rxe5 34. h3 Be6 35. h4 Rd4 36. g6 fxg6 37.
Re2 Rxe2 38. Ngxe2 Rxh4 39. Nb5 c5 40. Nc7 Bg4 41. Nc3 cxb4 42. axb4 Nxb4 43.
Rf4 g5 44. Rxc4 Bd7 45. Rc5 Rg4 46. N7d5 Nxd5 47. Nxd5 Rd4 48. Ne7+ Kf7 49. Nc6
Bxc6 50. Rxc6 a5 51. Rc5 a4 52. Rxg5 a3 53. Ra5 Rd3 54. Kh2 Ke6 55. g3 Rd2+ 56.
Kh3 a2 57. Kh4 Kd6 58. g4 Kc6 59. Ra8 Kb6 60. Ra3 Kb5 61. Ra7 Kb4 {
(0-1 Bologan,V (2666) - Rublevsky,S (2687)/Foros 2006).}) 3. Nf3 Nf6 4. e3 a6 {
À âîò è ñòåíêà ×åáàíåíêî!} 5. Nc3 e6 6. b3 Bb4 7. Bd2 Nbd7 8. Bd3 O-O 9. O-O
Bd6 10. Qc2 h6 11. Ne2 Re8 12. Ng3 c5 ({Èãðàëè ëþäè äâà ðàçà} 12... e5 {
, íî ëàâðîâ íå ñíèñêàëè -} 13. cxd5 Nxd5 14. Rad1 (14. e4 Nb4 15. Bxb4 Bxb4 16.
dxe5 Qa5 17. a3 Bf8 18. b4 Qc7 19. Rad1 a5 20. Bc4 Nxe5 21. Nxe5 Qxe5 22. f4
Qe7 23. f5 axb4 24. axb4 Qxb4 25. Kh1 Ra3 26. Qe2 Qe7 27. f6 gxf6 28. Qh5 Bg7
29. e5 Rxg3 30. exf6 Bxf6 31. hxg3 Be6 32. Rde1 Bg7 33. Rf4 Qg5 34. Qf3 Be5 35.
Rfe4 Bg7 36. Bxe6 Rxe6 {
1-0 Iskusnyh,S (2463) - Godena,M (2558)/Dresden GER 2007}) 14... exd4 15. Nxd4
Nb4 16. Bh7+ Kh8 17. Qb1 Nd5 18. Bf5 Qc7 19. Rfe1 N7f6 20. e4 Ne7 21. Bxc8
Raxc8 22. Qc1 c5 23. Nf3 Ng4 24. Ba5 Qxa5 25. Rxd6 Qxa2 26. Re2 Qxb3 27. h3
Nxf2 28. Rxf2 Kg8 29. Nh5 Rc6 30. Rd7 Ng6 31. Qa1 {
(1-0 Gelfand,B (2723) - Sokolov,I (2689)/Wijk aan Zee 2006).}) 13. Bc3 $146 (
13. cxd5 exd5 14. Bc3 (14. Rfd1 b6 15. dxc5 bxc5 16. a3 a5 17. Bc3 Qb6 18. Rab1
Bb7 19. Qb2 Bf8 20. b4 axb4 21. axb4 d4 22. exd4 cxb4 23. Bxb4 Bxf3 24. gxf3
Rab8 25. Bc3 Qc6 26. Qd2 Rxb1 27. Bxb1 Qxf3 28. Qd3 {
1/2 Pert,N (2503) - Haslinger,S (2423)/Liverpool 2006}) 14... b6 15. Rfd1 (15.
Rad1 Bb7 16. Qb2 Bxg3 17. hxg3 Ne4 18. dxc5 Nxc3 19. Qxc3 bxc5 20. Bf5 Qf6 21.
Qxf6 Nxf6 22. Rc1 g6 23. Bh3 Ne4 24. Rfd1 Rad8 25. Nd2 Nxd2 26. Rxd2 d4 27.
exd4 Rxd4 28. Rxd4 cxd4 29. Bg4 {
1/2 Berkes,F (2597) - Godena,M (2505)/Frascati 2006}) 15... Bb7 16. dxc5 bxc5
17. Rac1 Qb6 18. Qb2 Rad8 19. Bf5 Bf8 20. Qd2 Qd6 21. Ba5 Ra8 22. b4 c4 23. e4
g6 24. Bxd7 Nxd7 25. exd5 Rac8 26. b5 axb5 27. Rb1 Nf6 28. Rxb5 Bxd5 29. Bc3
Bxf3 30. Qxd6 Bxd6 31. gxf3 Be7 32. Rb7 Nh7 33. Ne4 Ng5 34. Rdd7 Nxe4 35. fxe4
Bf8 36. Rxf7 Rb8 37. a4 Rxb7 38. Rxb7 Rxe4 39. a5 Bc5 40. Rc7 Rg4+ 41. Kf1 Rg5
42. a6 Rf5 43. Be1 c3 44. a7 Bxa7 45. Rxa7 Rc5 46. Ra1 Kf7 47. Rc1 c2 48. Bd2
g5 49. Ke2 Kg6 50. Kd3 Rf5 51. Be3 Rf3 52. Kxc2 Rh3 53. Rh1 Kf5 54. Kd3 Ke5 55.
Kd2 Kf5 56. Ke1 Ke4 57. Ke2 g4 58. Kf1 h5 59. Kg2 {
(1-0 Navara,D (2719) - Dreev,A (2666)/Ermioni 2006).}) 13... b6 14. Ne5 {
Âîò è ïåðâûé ðåçóëüòàò íîâèíêè - êîíü èä¸ò âïåð¸ä.} Bb7 15. f4 {
Îõ, è êàðóñåëü æå òóò çàêðóòèòñÿ!} Rc8 (15... Qe7 $5 16. Qb2 $140 Bxe5 $1 17.
fxe5 Ng4) 16. Qb2 cxd4 ({Êàê ìíå êàæåòñÿ, çàñëóæèâàåò ñàìîãî ïðèñòàëüíîãî
âíèìàíèÿ è, ìîæåò áûòü, ïðîâåðêè} 16... Bxe5 $5 {Èäåÿ òóò òàêîâà:} 17. fxe5 Ng4
{è êàê ïàðèðîâàòü âûïàä ôåðçÿ íà h4} 18. Be2 $1 ({ëó÷øåå;} 18. Qe2 Qh4) 18...
Nxe3 19. Rf3 cxd4 20. Bxd4 Nxg2 $1 21. Kxg2 dxc4 22. bxc4 Bxf3+ 23. Kxf3 Nc5
24. Rd1 Qc7 {è ò.ä.}) 17. exd4 ({Ïîñëå} 17. Bxd4 {áåëûå ñëîíû íåäâóñìûñëåííî
íàöåëèâàþòñÿ íà êîðîëÿ ïðîòèâíèêà. Ïðè÷¸ì ïîïûòêà óñòðîèòü ðàçìåí} Bc5 {
íàòàëêèâàåòñÿ íà} 18. Nxd7 $1 Bxd4 19. Qxd4 Qxd7 (19... Nxd7 20. cxd5 Bxd5 21.
Bxa6) 20. Qxb6 {, âûèãðûâàÿ ïåøêó.} {Õîòÿ äóìàåòñÿ, ÷òî ïîñëå} dxc4 21. Bxc4
Rc6 22. Qa5 Rd6 {, êîìïåíñàöèÿ ó ÷¸ðíûõ åñòü}) 17... dxc4 18. bxc4 Nxe5 {
Çàìûñåë, êîíå÷íî èíòåðåñíûé. Íî íå áûëî ëè äðóãîãî, ðàâíîñèëüíîãî,ïðîäîëæåíèÿ?
} ({Åñòü òàêàÿ èäåÿ -} 18... Bxe5 $5 19. fxe5 Ng4 {
Îïÿòü óãðîæàåò âûïàä ôåðçÿ íà h4.} 20. h3 Ne3 ({åñòü è òàêàÿ ëèíèÿ -} 20...
Ndxe5 $5 21. hxg4 Nxd3 22. Qd2 Nb4 $3 23. Bxb4 Rxc4 24. Bc3 Qh4 25. Qf4 $1 Rxc3
26. Qxf7+ Kh7 27. Nh5 (27. Qxe8 Rxg3 $19) 27... Re7 28. Nf6+ $1 Qxf6 29. Rxf6
Rxf7 30. Rxf7 Bd5 $11 {, äóìàþ òàê}) 21. Rxf7 $1 Nxc4 (21... Kxf7 $143 22.
Qf2+ Kg8 23. Qxe3 $44) 22. Qf2 {Ëó÷øåå.} (22. Bxc4 $143 Rxc4 (22... Kxf7 23.
Nf5 $1) 23. Raf1 Rf8) 22... Ncxe5 $1 23. dxe5 Rxc3 24. Bg6 Nxe5 25. Ne2 $1 Rc5
$1 26. Rxb7 Rf8 27. Qg3 Qf6 28. Be4 Rc4 {Îõîòà çà ñëîíîì ïðîäîëæàåòñÿ!} 29. Qe3
Ng4 $1 30. hxg4 Qxa1+ 31. Kh2 Qe5+ 32. Ng3 Qf4 33. Qxf4 Rxf4 34. Bg6 Rf6 $1 35.
Rb8+ Rf8 36. Rxb6 Rxg4 {ïðèìåðíî ðàâíûé ýíäøïèëü.}) 19. fxe5 Bxe5 20. dxe5 Qxd3
21. exf6 Rxc4 {È òåïåðü ñëîí íà ñ3 îêàçûâàåòñÿ â îïàñíîñòè.} 22. Rac1 $1 ({
Êîíå÷íî, íåëüçÿ} 22. Be5 $4 Rc2 $19) ({Ïëîõî è} 22. Rfc1 $2 Rec8 23. Qxb6 Qd5
24. Qf2 Rxc3) ({Èëè} 22. Ne2 $5 Rec8 23. Rac1 (23. fxg7) 23... Qe3+ 24. Rf2 Rg4
25. Ng3 Rgc4 26. Ne2 $11) 22... Rec8 23. Bd2 ({Òðóñëèâî è íåâåðíî} 23. Ne2 $2
Qe3+ ({ïðîìåëüêíóëà òóò óæå è çíàêîìàÿ «ðûáà» -} 23... Rg4 24. Rf2 Qe3 25.
Ng3 Rgc4 26. Ne2 Rg4) 24. Rf2 ({íî íå} 24. Kh1 h5 $1 {
, íó âû ïîíèìàåòå, ÷òî ÿ õî÷ó ñêàçàòü ýòèì õîäîì ;)} 25. Rfd1 $140 h4 26. Rd7
Bf3 $1 $19) 24... Rg4 25. Ng3 Rgc4 {, è ñíîâà ïî äîñêå áü¸ò õâîñòîì «ðûáà».})
23... Rc2 $1 {«Ôîðñàæ» ïðîäîëæàåòñÿ.} 24. Rxc2 Rxc2 25. Qxb6 Qd5 26. Rf2 Rxd2
27. Rxd2 Qxd2 28. Qxb7 {
Ôèãóðà ó áåëûõ ëèøíÿÿ, íî î÷åðåäü õîäà çà èõ ïðîòèâíèêîì, è îí íà÷èíàåò...}
Qd4+ 29. Kf1 ({Çà÷åì ïðèâîäèòñÿ ñëåäóþùèé âàðèàíò} 29. Kh1 $4 Qd1+ 30. Nf1
Qxf1# {, íå çíàåò è ñàì àâòîð ;)}) 29... Qa1+ 30. Ke2 Qxa2+ {Êîãäà èãðàåøü áåç
ôèãóðû, îñîáåííî íóæåí ó÷¸ò è êîíòðîëü. Èòàê, - äâå ïåøêè çà ôèãóðó.} 31. Kf3
Qa3+ 32. Kg4 gxf6 $1 {Òðè ïåøêè...} ({Êîíå÷íî, íå} 32... Qa4+ $2 33. Qe4 $1
$16 Qd1+ 34. Kh3 gxf6 35. Qa8+ Kg7 36. Qxa6 {è ò.ä.}) 33. Qc8+ ({
Íå ïðîõîäèò èäåÿ íàâàëèòüñÿ íà ÷¸ðíîãî êîðîëÿ âñåì áåëûì ñêîïîì -} 33. Qb8+
Kg7 34. Qf4 f5+ $1 35. Kh5 Qb2 $1 36. Qxh6+ Kg8 {, è ïåøêó  íà g2 íå ñïàñòè.})
33... Kh7 34. Qd7 f5+ $1 ({Íó, è ÷òîáû äîáàâèòü âàðèàíòîâ â àíàëèç, îøèá¸ìñÿ -
} 34... Kg7 $2 {, ïîñëå ÷åãî ïîïðîáóåì çàìàòîâàòü ÷¸ðíîãî ìîíàðõà} 35. Nh5+
Kg8 (35... Kg6 36. Nf4+ Kg7 37. Nxe6+ Kg6 38. Nf4+ Kg7 39. Nh5+ Kg8 40. Nxf6+
Kg7 41. Qd4 $1 $18) 36. Qd8+ Kh7 37. Qxf6 Qf8 38. Kh3 $1 Qg8 39. g4 $1 Qg6 40.
Qc3 $18 {è ò.ä.}) 35. Kf4 Qb4+ (35... Kg6 $5) 36. Kf3 Kg6 37. Ne2 $1 Qe4+ 38. Kf2
Qh4+ 39. Kf1 {Ïîñëå ýòîãî ïîëó÷àåòñÿ íè÷üÿ.} ({Êàê è ïîñëå} 39. g3 $5 Qxh2+
40. Ke3 Qh1 41. Nf4+ Kf6 42. Qd4+ Ke7 43. Qa7+ Kf6 44. Qxa6 Qe4+ 45. Kf2 Qd4+
46. Kg2 Qe4+ 47. Kh2 Qc2+ 48. Kh3 Qe4 $11) 39... Qxh2 {
Êñòàòè, ó ÷¸ðíûõ óæå ÷åòûðå ïåøêè çà ôèãóðó.} 40. Qc8 Qd6 41. Qg8+ Kf6 42.
Qh8+ Kg6 ({Òîëüêî íå} 42... Kg5 $4 43. Qg7+ Kh5 44. Qxf7+ Kg5 45. Qg7+ Kh5 46.
Ng3+ Kh4 47. Qxh6+ $1 Kxg3 $140 (47... Kg4 48. Ne2 f4 49. Qg6+ Kh4 50. Qf6+ Kg4
51. Nd4 $1 Kh5 52. Nf3 $18) 48. Qg5+ Kh2 49. Qh4#) 43. Qg8+ Kf6 44. Qh8+
1/2-1/2

[Event "Aerosvit 2007"]
[Site "Foros RUS"]
[Date "2007.06.27"]
[Round "9"]
[White "GM Ivanchuk, Vassily(UKR)"]
[Black "GM Dominguez Perez, Lenier(CUB)"]
[Result "1/2-1/2"]
[WhiteElo "2729"]
[BlackElo "2678"]
[Annotator "Ëåáåäåâ Âàñèëèé"]
[PlyCount "272"]
[EventDate "2007.06.27"]

1. Nf3 c5 2. e4 d6 3. Nc3 Nf6 4. d4 cxd4 5. Nxd4 a6 6. Be2 e5 7. Nb3 Be7 8. O-O
O-O 9. Kh1 Nc6 10. f3 b5 11. Qd2 (11. Be3 Na5 12. Nxa5 Qxa5 13. Qd2 Qc7 14. a4
b4 15. Nd5 Nxd5 16. exd5 Bf5 17. Rfc1 Qa5 18. c4 bxc3 19. Rxc3 Rab8 20. Bc4 Bf6
21. b3 e4 22. Bd4 Bxd4 23. Qxd4 exf3 24. Rxf3 Bg6 25. Re3 Rfe8 26. h3 h6 27.
Ra2 Rxe3 28. Qxe3 Ra8 29. Kh2 Kh7 30. Ra1 Kg8 31. Qf4 Rd8 32. Qd4 Re8 33. Rf1
Qb4 34. Rf4 Re5 35. Qf2 a5 36. Bd3 Qxb3 37. Bxg6 fxg6 38. Rf8+ Kh7 39. Rd8 Rf5
40. Qd4 Qxd5 41. Rxd6 Qxd4 42. Rxd4 g5 43. Kg3 h5 44. Rc4 Kh6 45. Rc6+ g6 46.
Ra6 Rc5 47. Kh2 Kg7 48. g3 g4 49. hxg4 hxg4 50. Kg2 Re5 51. Kf2 Kf7 52. Ra7+
Kf6 53. Ra6+ Kf5 54. Rc6 Re4 {
(1/2  Morozevich,A (2707) - Kasimdzhanov,R (2670)/San Luis 2005)}) 11... Qb6
$146 (11... Qc7 12. a4 b4 13. Nd5 Nxd5 14. exd5 Nd4 15. Nxd4 exd4 16. Qxd4 Bf5
17. Bd3 Bxd3 18. Qxd3 Rfc8 19. Re1 Bf6 20. Bd2 Bxb2 21. Rab1 Bc3 22. Bxc3 bxc3
23. Re4 g6 24. Rbe1 Qd7 25. Qd4 Rab8 26. h4 Qf5 27. Kh2 a5 28. R1e3 Qh5 29. Kh3
Rf8 30. Rxc3 Rb4 31. Rc4 Qf5+ 32. Kg3 Rxc4 33. Qxc4 Rc8 34. Qd4 h5 35. c4 Qd7
36. Qf6 Qxa4 37. c5 Qb3 38. Qxd6 a4 39. c6 a3 40. c7 Qb7 41. Qd8+ Kg7 42. d6
Qa6 43. Rf4 a2 44. Qf6+ Kh6 45. Qg5+ Kg7 46. Qe5+ Kg8 47. d7 {
(1-0 Galkin,A (2600) - Anisimov,P (2515)/Tomsk 2006).}) 12. Rd1 Re8 13. Qe3 Qc7
14. Bd2 Be6 15. Be1 Bf8 16. Rac1 (16. Nd5 $143 Bxd5 17. exd5 Ne7 {
ñ äâîéíûì óäàðîì íà ïåøêè ñ2 è d5}) 16... Ne7 $1 (16... b4 $6 17. Nd5 $140 ({íî
} 17. Na4 $142 d5 18. Nb6 $140 Rad8 19. exd5 (19. Bxa6 $4 d4) 19... Nxd5 20.
Nxd5 Rxd5 21. Rxd5 (21. Bxa6 Rxd1 22. Rxd1 Ra8) 21... Bxd5 22. Bxa6 Ra8 (22...
e4 23. Rd1 $1) 23. Qd3 $14) 17... Bxd5 18. exd5 Ne7 19. c4 bxc3 20. Rxc3 Nexd5
$1) 17. Bh4 b4 {Òåïåðü ýòî íå òàê ñòðàøíî.} 18. Na4 Nd7 19. Nd2 (19. Bf2 $5 d5
$140 (19... Reb8 $142 $1) (19... Qc6 20. Nb6) 20. Nac5 $1) 19... d5 $1 $11 (
19... Qc6 20. b3 d5 $1) 20. c3 bxc3 21. Qxc3 Qb7 22. Qc7 Qb4 (22... Reb8 $143
23. Bxe7 Bxe7 24. exd5 Bxd5 25. Ne4 Be6 26. b3 $14) (22... Qxc7 $5 23. Rxc7 d4)
23. Bxe7 $1 Bxe7 (23... Qxe7 24. exd5 Bxd5 25. Ne4 Be6 (25... Rac8 26. Qxc8 $1
Rxc8 27. Rxc8 Bxe4 28. fxe4 Qb4 29. Rc4 Qb7 30. b3 $14) 26. b3 $14) 24. exd5
Bxd5 25. Ne4 {Ýòî åù¸ íå êðåàòèâ, êðåàòèâ áóäåò äàëüøå.} (25. Bc4 $5 Qxa4 (
25... Bxc4 $4 26. Rxc4 Qb5 27. Nc3 $18) 26. b3 $1 (26. Bxd5 $143 Rac8 27. Qxc8
$140 (27. Qa7 $5) 27... Qxd1+ $1 28. Rxd1 Rxc8 $11 {Íîòêèí}) 26... Qc6 (26...
Bd8 27. Qd6 Qc6 28. Qxd5 Qxd5 29. Bxd5 Rb8 30. Ne4 $14) 27. Bxd5 Qxd5 28. Ne4
Qe6 29. Rxd7 Rad8 30. Rxd8 Rxd8 31. h3 $14) (25. Qxd7 $143 Be6 $1 26. Qc6 Rac8
27. Qxa6 (27. a3 $143 Qd4 $1 28. Qxa6 Rxc1 29. Rxc1 Qxd2 $36) 27... Rxc1 28.
Rxc1 Qxd2 29. Rd1 Qb4 30. b3 Rd8 $44 31. Rxd8+ $140 (31. Bd3 $2 e4 $1 32. fxe4
Qxe4 $1) 31... Bxd8 32. h3 Qd2 33. Bc4 Qc1+ 34. Kh2 Qf4+ 35. Kg1 Qc1+ 36. Kh2
$11) 25... Be6 26. b3 Qa3 27. Bc4 {Âîò óæ âñåì êðåàòèâàì êðåàòèâ...} (27. Rc2
$5) 27... Rac8 28. Bxe6 (28. Qa7 Red8 $1 29. h3 $140 $4 (29. Nac3 Bxc4 30. bxc4
Rxc4 $36) 29... Bxc4 30. Rxc4 Rxc4) 28... Rxc7 29. Rxc7 fxe6 (29... Nf6 $5 30.
Bc4 Qxa2 31. Ng5 Rd8 $1 32. Rf1 (32. Rxd8+ $4 Bxd8 33. Bxf7+ Kh8 34. Rc1 Qd2
$19) 32... Nd5 $140 33. Nxf7 $6 (33. Bxd5 Bxg5 34. Bxf7+ Kh8 35. Bc4 h5 $36)
33... Nxc7 34. Nxd8+ Kf8 35. Nc6 Qd2 36. Nxe5 Nd5 37. Bxa6 Nf4 38. Rg1 Bf6 39.
Nc6 Qd5 $19) 30. Rdxd7 Rd8 31. Rxd8+ Bxd8 32. Rc8 Kf7 33. g3 (33. Rxd8 $4 Qc1+)
33... Be7 34. Rc2 Qb4 35. Rd2 Qa5 36. Kg2 Bb4 37. Rc2 h6 38. h4 Kg6 39. Kh3 Be7
{«Âåðîÿòíûé ñþæåò ðàçâèòèÿ ñîáûòèé - åùå ïî ïÿòü àêêóðàòíûõ õîäîâ è íè÷üÿ.
Ïðàâäà, íàäî ó÷èòûâàòü áåñêîíå÷íûé öåéòíîò...» (Íîòêèí). Êòî áû ìîã
ïîäóìàòü )))))))} 40. Kg4 h5+ 41. Kh3 Qe1 42. Kg2 Bb4 43. Rf2 Qb1 44. Nb6 Be1
45. Re2 Qd1 46. Rb2 Qc1 47. Na4 Bb4 48. Rf2 Be1 49. Re2 Qd1 50. Rb2 Bb4 51. Nf2
Qd4 52. Rc2 Be1 53. Ne4 Qd1 54. Rb2 Bb4 55. Nf2 Qd4 56. Re2 Bc5 57. Nxc5 Qxc5
58. Nd3 {Íó âîò õîòü êàêàÿ-òî îïðåäåë¸ííîñòü ïîÿâèëàñü â ïîçèöèè} Qd4 59. Nxe5+
Kf6 60. Nc4 Qd1 61. Rd2 Qe1 62. Rf2 e5 63. Nd6 a5 64. Ne4+ Ke7 65. Rc2 g6 66.
Nf2 Qb1 67. Rd2 Qe1 68. Rd5 Ke6 69. Rb5 Qd2 70. a4 Kf6 71. Rb6+ Kf7 72. Ra6 Kg7
73. Rc6 Kf7 74. Rc5 Ke6 75. Rc4 Kf6 76. Kf1 Ke6 77. Ne4 Qd1+ 78. Kf2 Kf7 79.
Rc3 Kf8 80. Rc8+ Kf7 81. Rc7+ Kf8 82. Rc8+ Kf7 {Äàëüøå - ìîë÷àíèå...} 83. Rc5
Qxb3 84. Rxa5 Qb6+ 85. Rc5 Qb2+ 86. Kf1 Qa1+ 87. Kg2 Qxa4 88. Rxe5 Qc2+ 89. Nf2
Kf6 90. Re4 Kf7 91. Kf1 Qc1+ 92. Kg2 Qc2 93. Rd4 Kg7 94. Rd7+ Kf8 95. Kf1 Qc1+
96. Rd1 Qc2 97. Ke1 Kg7 98. Rd7+ Kf8 99. Ne4 Qb2 100. Rd2 Qb3 {
ß, êîíå÷íî, øàõìàòíûé ìàíüÿê, íî êîììåíòèðîâàòü ÝÒÎ íåò óæå ñèë.} 101. Kf2 Kg7
102. Kg2 Qe3 103. Rf2 Qd3 104. Ng5 Qe3 105. Nh3 Kf7 106. Nf4 Qc3 107. Ra2 Qc4
108. Rb2 Qc3 109. Rb7+ Kg8 110. Re7 Qc2+ 111. Re2 Qc4 112. Rb2 Qc3 113. Re2 Qc4
114. Rf2 Kf7 115. Nh3 Kg7 116. Ng5 Kf8 117. Rd2 Qc3 118. Ne4 Qe3 119. Ra2 Kg7
120. Ra5 Qe2+ 121. Nf2 Kf7 122. Rg5 Qc2 123. g4 hxg4 124. Rxg4 Qe2 125. Rg5 Qd2
126. Re5 Qb2 127. Re4 Kg7 128. Kg3 Qb8+ 129. Kh3 Qb3 130. Rf4 Qe3 131. Kg3 Qe5
132. Ne4 Kh6 133. Nf2 Kg7 134. Nh3 Qe1+ 135. Kg2 Qd2+ 136. Kh1 Qc1+ 1/2-1/2

[Event "Aerosvit 2007"]
[Site "Foros RUS"]
[Date "2007.06.27"]
[Round "9"]
[White "GM Jakovenko, Dmitry(RUS)"]
[Black "GM Shirov, Alexei(ESP)"]
[Result "0-1"]
[WhiteElo "2708"]
[BlackElo "2699"]
[Annotator "Ëåáåäåâ Âàñèëèé"]
[PlyCount "106"]
[EventDate "2007.06.27"]

{Â÷åðà Äìèòðèé ßêîâåíêî îòñòàèâàë «×åëÿáèí» ÷¸ðíûìè, ñåãîäíÿ ðåøèë
ïðîáèòü åãî áàñòèîíû  áåëûìè...} 1. e4 c5 2. Nf3 Nc6 3. d4 cxd4 4. Nxd4 Nf6 5.
Nc3 e5 6. Ndb5 d6 7. Bg5 a6 8. Na3 b5 9. Nd5 Be7 10. Bxf6 Bxf6 11. c3 Bg5 12.
Nc2 O-O 13. a4 bxa4 14. Rxa4 a5 15. Bc4 Rb8 16. b3 Kh8 17. Nce3 g6 18. h4 Bxh4
19. g3 Bg5 20. f4 exf4 21. gxf4 Bh4+ 22. Kd2 Ne7 (22... f5 $5 23. Bd3 Bf2 24.
exf5 Bxe3+ 25. Nxe3 Bxf5 26. Nxf5 gxf5 27. Qh5 Qd7 28. Rc4 Rb6 29. Rxc6 Rxc6
30. Bb5 Rfc8 31. Re1 d5 32. Qe2 h6 33. Qh5 Kh7 34. Re5 Rf8 35. Qe2 Rf7 36. Qd3
Qc8 37. Bxc6 Qxc6 38. Rxd5 a4 39. Rxf5 Qg2+ 40. Kc1 Qg1+ 41. Kb2 Qg2+ 42. Ka3
Rxf5 43. Qxf5+ Kg7 44. bxa4 Qf3 45. Qe5+ Kf7 46. f5 h5 47. f6 Kg6 48. a5 h4 49.
Qe8+ Kf5 50. Qc8+ Kg5 51. Qg8+ Kf5 52. Qh7+ Ke6 53. Qe7+ Kf5 54. Kb4 Qf4+ 55.
c4 Qd2+ 56. Kb5 Qb2+ 57. Kc5 Qa3+ 58. Kc6 Qa4+ 59. Kb6 Qb3+ 60. Ka7 Qxc4 61. f7
Qd4+ 62. Kb8 Qf4+ 63. Ka8 {
(1-0 Smirnov,P (2621) - Viliavin,R (2263)/Moscow RUS 2007).}) 23. Kc1 Nxd5 24.
Nxd5 Be6 25. Qd4+ Kg8 26. Kb1 (26. Ra2 Bxd5 27. Qxd5 Qf6 28. Qd2 Bg3 29. Rf1 h5
(29... d5 30. Bxd5 g5 31. Kb2 Bxf4 32. Rxa5 Rbc8 33. Qd3 Kh8 34. b4 Rc7 35. Kb3
Rb8 36. Ra6 Qg7 37. c4 Be5 38. Ra8 Rxa8 39. Bxa8 Rc8 40. Bd5 Rd8 41. c5 g4 42.
Qe2 f6 43. Rc1 Qh6 44. Rc2 Qh3+ 45. Ka4 Rb8 46. b5 g3 47. b6 Qh1 48. Ra2 Qg1
49. Kb5 Qb1+ 50. Ka6 Qb4 51. Qb5 Qc3 52. Qa5 Qf3 53. Qd2 Qf1+ 54. Ka5 Qg1 55.
Kb5 Qf1+ 56. Kc6 Bf4 57. Qe2 Rc8+ 58. Kd7 Qxe2 59. Rxe2 {
1/2 Korneev,O (2638) - Devereaux,M (2377)/Port Erin 2006}) 30. Rxa5 Ra8 31. e5
Qf5 32. Rxa8 Rxa8 33. Kb2 h4 34. Qxd6 Re8 35. Bb5 Rf8 36. Bd3 Qe6 37. Qd4 Qe7
38. Bc4 Kh7 39. b4 h3 40. Qd3 Qh4 41. f5 Bf4 42. e6 fxe6 43. Qd7+ Kh6 44. fxe6
Bc1+ 45. Rxc1 Qxc4 46. e7 Ra8 47. Qxh3+ Kg7 48. e8=N+ Kg8 49. Nf6+ Kf7 50. Qd7+
Kxf6 51. Qd4+ Qxd4 52. cxd4 g5 53. Rc6+ Kf5 54. b5 g4 55. Kb3 g3 56. Rc1 Ke4
57. Rg1 {(1/2Topalov,V (2757) - Leko,P (2749)/Linares 2005).}) 26... Bxd5 27.
Qxd5 (27. Bxd5 $143 Bf6 28. e5 dxe5 29. fxe5 Bg7 $15) 27... Bf6 28. Kc2 $146 (
28. Rxa5 Qc7 $6 (28... Bxc3 29. Ra7 Qf6) 29. Kc2 Qb6 30. Rf1 Rbd8 31. Ra6 Qe3
32. Qd3 Qc5 33. Qd5 Qe3 34. Qd3 Qc5 35. b4 Qc7 36. Qd5 Bg7 37. f5 Be5 38. fxg6
hxg6 39. Kb3 Rd7 40. b5 Rb8 41. Rfa1 Kg7 42. Qc6 g5 43. Qxc7 Rxc7 44. Ra7 Rbb7
45. Rxb7 Rxb7 46. Kb4 Bf6 47. Bd5 Rc7 48. b6 Bxc3+ 49. Kb3 Rb7 50. Ra6 Rb8 51.
Kxc3 {(1-0 Lahno,K (2468) - Voiska,M (2314)/Turin 2006).}) 28... Qb6 29. Rf1 {
Ïîõîæå, ÷òî, íà÷èíàÿ ñ ýòîãî õîäà, ó áåëûõ íàñòóïàåò ïîëîñà òðóäíîñòåé.} ({
Î÷åíü ëþáîïûòíî «î÷åâèäíîå»} 29. Rxa5 $142 Qe3 (29... Qf2+ 30. Qd2 Qf3 31.
Re1 $13) 30. Qd3 Qxf4 31. Qh3 (31. Rf1 $143 Qh2+ 32. Qd2 Qxd2+ 33. Kxd2 Kg7 $15
) 31... h5 32. Qg2 $1 d5 $5 ({â ñëó÷àå} 32... Qg4 {íàñòóïàåò ïîëíûé øòèëü:}
33. Qxg4 hxg4 34. Rg1 Kg7 35. Rxg4 $11) 33. Rxd5 $1 (33. Bxd5 $143 Kg7 34. Rxh5
$140 Bxc3 $1 35. Rf5 (35. Kxc3 $4 Qc1+ 36. Kd3 Qd1+) 35... Qd2+ $1 36. Qxd2
Bxd2 37. Rxf7+ Rxf7 38. Kxd2 Rc7 {è ò.ä.}) 33... Ra8 $1 34. Kb2 Rfc8 (34... Bg7
$5) 35. e5 $1 ({íî òîëüêî íå} 35. Rdxh5 $2 Rxc4 $1 36. bxc4 Qd6 $19) 35... Rxc4
$1 36. exf6 Qg4 $1 ({â ýòîì ïîëîæåíèè åñòü íåñêîëüêî ñïîñîáîâ ñäåëàòü íè÷üþ:
} 36... Rca4 $5 37. bxa4 Qxa4 38. Rdxh5 $8 Rb8+ 39. Kc1 $8 Qa1+ 40. Kc2 {
, è óãðîçà ìàòà çàñòàâëÿåò ÷¸ðíûõ èñêàòü âå÷íûé øàõ:} Rb2+ 41. Kd3 Qa6+ 42.
Ke3 Qe6+ 43. Kd3 Qa6+) ({èëè} 36... Rxc3 $5 {(âåñüìà êðåàòèâíî!)} 37. Kxc3
Qxf6+ 38. Rd4 Rc8+ 39. Kd3 Qa6+ 40. Rc4 Rd8+ 41. Ke3 Re8+ 42. Re4 Qb6+) 37.
Qxg4 Rxg4 38. b4 {- ñ îñòðîé, íî ïðèìåðíî ðàâíîé èãðîé.}) 29... Qe3 30. Qd3 Qc5
31. Rd1 Rb6 ({Âåëî ê óðàâíåíèþ øàíñîâ} 31... Qf2+ 32. Qd2 Qf3 33. Bd5 Qg3 34.
Rxa5 Rfc8 35. Bc4 {, à òåïåðü áåëûå àêòèâèçèðóþòñÿ.}) 32. Qg3 Ra8 33. Rd5 Qc7
34. Rf5 Qd8 (34... Kg7 $5 35. e5 $140 dxe5 36. fxe5 Bh4 $1 37. Qg1 (37. Qxh4
gxf5 38. Qg5+ Rg6) 37... Rf8 $11) ({Êðàñèâàÿ çàùèòà íàõîäèòñÿ è ïîñëå} 34...
Kg7 35. Qg1 $5 Rc6 $5 ({ýòî, «íå ñ÷èòàÿ»} 35... Re8 $5 {
è áåëûå âûíóæäåíû æåðòâîâàòü êà÷åñòâî} 36. Rxf6 (36. Rfxa5 $143 Qc6 37. Ra7
Qxe4+ 38. Kb2 d5 $3 39. Qxb6 $140 dxc4 $36) 36... Kxf6 37. Qd4+ Ke7 38. Rxa5
Reb8 ({ïîñëå} 38... Rxb3 $6 {åñòü íè÷åéíîå} 39. e5 $5 Rb6 40. exd6+ Rxd6 41.
Qe5+ Kf8 42. Qh8+ Ke7 43. Qe5+ Kf8 $11) ({à åñòü è (ïîñëå} 38... Rxb3 {
) è íàãíåòàþùåå} 39. Qd5 $40) 39. e5 $13) 36. e5 (36. Rxf6 $5 Kxf6 37. Qd4+
Ke7 38. Bd5 Rca6 39. Bxa8 Rxa8 40. Qd5 Ra7 41. Rc4 Qb6 $11 {, òî åñòü} 42. Qg5+
f6 43. Qh6 Qf2+) 36... dxe5 37. fxe5 Bxe5 $1 38. Rxf7+ Qxf7 39. Bxf7 Rxc3+ 40.
Kb1 Kxf7 $1 $11 41. Qh1 $1 {(ëó÷øåå)} Rxb3+ 42. Ka2 $1 (42. Kc2 $143 Rc3+ 43.
Kd2 Rd8+ 44. Ke2 Rc2+ 45. Ke3 h5 46. Rxa5 Rc3+ 47. Ke2 Bf4 $1) 42... Rb2+ 43.
Ka3 Rab8 44. Qxh7+ Kf6 45. Qh4+ Kf7 46. Qh7+ Kf6 47. Qh4+ Kf7 $11) 35. Rd5 Qc7
36. Qh3 $6 {Áîåâîå íàñòðîåíèå?} ({Ïîñëå} 36. Rf5 $1 {ïîçèöèÿ ïîâòîðÿëàñü...})
36... Ra7 37. Qe3 Rb8 38. Qd3 Rd8 39. Qd2 Kg7 (39... h5 $5) 40. Rd3 h5 {
Âñå ïîòóãè áåëûõ íè ê ÷åìó íå ïðèâåëè, à ëèøíþþ ïåøêó ÷¸ðíûå ñîõðàíèëè.
Ñëåäóåò ïðîðûâ.} 41. e5 {Íó íå ñòîÿòü æå è æäàòü, êîãäà ÷¸ðíûå ðàçâåðíóò ñâîè
ñèëû â ïðàâèëüíûå ïîðÿäêè è ïðèñòóïÿò ê ðåàëèçàöèè?} dxe5 42. fxe5 Be7 43. Qf4
$6 ({Ñèëüíåå áûëî} 43. Rxd8 Bxd8 (43... Qxd8 $2 44. Qf2 $1) 44. e6 {
, âñêðûâàÿ ïîçèöèþ, è íàêîíåö-òî ââîäÿ â áîé ëàäüþ.}) 43... Rxd3 $1 {
Êàê áû «çåâàÿ» ïðîìåæóòîê.} 44. Qxf7+ ({Ñîâñåì ïëîõî} 44. Kxd3 Qd8+ $1 45.
Kc2 Bg5) ({Íî ñåðü¸çíîãî âíèìàíèÿ çàñëóæèâàåò} 44. Bxd3 {è åñëè} f5 $1 {, òî}
45. Bxf5 $1 gxf5 46. Qxf5 Qc6 $1 47. Qxh5 Qg2+ $140 ({èëè} 47... Bb4 $5 48.
Qg5+ Kf8 49. Qd8+ Kf7 50. Qf6+ Qxf6 51. exf6 Rc7 52. c4 {è ò.ä.}) 48. Kb1 Bb4
$1 49. cxb4 $1 Rf7 50. Qxf7+ $1 Kxf7 51. bxa5 {- ýòî íè÷üÿ.}) 44... Kh6 (44...
Kh8 $4 45. Qg8#) 45. Bxd3 (45. Kxd3 Qxe5) 45... Qxc3+ $1 {
Øèðîâ è â ýíäøïèëå íàéäåò âîçìîæíîñòü äëÿ æåðòâû ôåðçÿ. ;)} 46. Kxc3 Bb4+ 47.
Kd4 Rxf7 48. e6 Rg7 49. Ra1 {
Ëàäüÿ áåëûõ íàêîíåö-òî âêëþ÷àåòñÿ â áîðüáó, îäíàêî íå ïîçäíîâàòî ëè?} g5 50.
Rf1 g4 $1 ({Ïîõîæå, ÷òî ÍÅ âûèãðûâàåò} 50... h4 {ââèäó} 51. Rf6+ Kh5 52. Be2+
g4 53. Rf5+ Rg5 54. Rf7 Bc5+ $1 (54... h3 55. e7 Rg8 56. Bb5) 55. Ke4 Bd6 56.
Rd7 (56. Rh7+ $143 Kg6 57. Rxh4 g3 {, è áåëûå òåðÿþò ôèãóðó}) 56... Re5+ 57.
Kd3 Bf8 (57... Rxe6 58. Rh7+ Kg5 59. Rg7+ Rg6 60. Rxg6+ Kxg6 61. Bxg4 $11 {
- êîðîëü ñòàíîâèòüñÿ íà f1, à ñëîí áåëûõ êóðñèðóåò ïî áîëüøîé áåëîé äèàãîíàëè})
58. Rh7+ Bh6 59. Bxg4+ $1 Kxg4 60. Rxh6 Kg5 (60... h3 61. Kd4 Re1 62. Kd5 $11)
61. Kd4 $1 Re1 ({ïîíÿòíî, íå} 61... Kxh6 $2 62. Kxe5 Kg7 63. Kd6 h3 64. e7 h2
65. e8=Q) 62. Rh8 Rxe6 63. Ra8 $1 {è ïîëó÷àåòñÿ íè÷üÿ} h3 64. Rxa5+ Kg4 65.
b4 Rh6 66. b5 h2 67. Ra1 h1=Q 68. Rxh1 Rxh1 69. b6 $11) 51. Ke4 ({
Áîëåå óïîðíûì êàæåòñÿ} 51. Rf6+ Kg5 52. Rf5+ Kh4 53. Be4 $1 (53. Rf7 $143 Rxf7
54. exf7 Kg3 55. Ke3 Kh2 56. Bf1 g3 57. Kf3 h4 58. Kg4 Be7 59. f8=Q Bxf8 60.
Kxh4 g2 61. Bxg2 Kxg2 {,è ñëîí îêàçûâàåòñÿ ïàðíåì, ÷òî íàäî!})) 51... Be7 52.
Be2 (52. Rf7 Rxf7 53. exf7 Kg5 $19) 52... h4 53. Rf5 g3 0-1